Temas do Tempo Presente - Os Direitos Humanos (Registo nº 728)

Detalhes MARC
000 -Etiqueta do registo
Cabeçalho 00789nam0a22002771 4500
005 - Identificador da versão
Campo de controlo 20240813121811.0
021 ## - Número do Depósito Legal
Código do país PT
Número 259167/07
035 ## - Other System Control Numbers
System Control Number 0000798
System Control Number 0000793
System Control Number 0000786
System Control Number 0000774
100 ## - Dados gerais de processamento
Dados gerais de processamento 20071017d2007 a e0pory5003 ba
102 ## - Pais de publicação ou produção
País de publicação Portugal
101 0# - Língua de publicação
Língua do texto, banda sonora, etc. Português
Língua do documento no original Português
106 ## - Campo de dados codificados: material textual
Dados codificados do material textual r
105 ## - Campo de dados codificados: livros
Dados codificados dos livros y z 001yy
215 ## - Descrição física 
Indicação específica da natureza do documento e extensão da espécie 118 p.
200 1# - Titulo e menção de responsabilidade
Título próprio Temas do Tempo Presente - Os Direitos Humanos
Informação de outro título Compilação de textos sobre os 30 artigos que constituem a Declaração Universal dos Direitos do Homem
Primeira menção de responsabilidade José Luz Santos
205 ## - Menção da edição
Menção da edição 1ª ed.
210 ## - Publicação, Distribuição, etc. 
Lugar da edição, distribuição, etc. Loulé
Nome do editor, distribuidor, etc. CIVIS - Associação para o Aprofundamento da Cidadania
Data da publicação, distribuição, etc. 2007
675 ## - Classificação Decimal Universal (CDU)
Notação 342.7
700 #1 - Nome de autor-pessoa física (responsabilidade principal)
Número de registo de entrada de autoridade 0000992
Palavra de ordem Santos
942 ## - Elementos de entrada adicionados (Koha)
Tipo de item no Koha Livro
Exemplares
Situação do levantamento Origin of item (home branch) (coded) Biblioteca de empréstimo Código de barras Circulation type (not for loan) Tipo de documento Nota do exemplar Damaged status
  Biblioteca Escolar Eng. Nuno Mergulhão Biblioteca Escolar Eng. Nuno Mergulhão BENM1257   Livro Sem mensagem